Những nền văn minh thế giới

সংরক্ষণ করুন:
গ্রন্থ-পঞ্জীর বিবরন
প্রধান লেখক: Congshu, Shijie
বিন্যাস: গ্রন্থ
ভাষা:Undetermined
প্রকাশিত: Hà Nội Văn Học 2002
বিষয়গুলি:
ট্যাগগুলো: ট্যাগ যুক্ত করুন
কোনো ট্যাগ নেই, প্রথমজন হিসাবে ট্যাগ করুন!
Thư viện lưu trữ: Trung tâm Học liệu Trường Đại học Cần Thơ
LEADER 00555nam a2200181Ia 4500
001 CTU_49797
008 210402s9999 xx 000 0 und d
082 |a 909 
082 |b C749 
100 |a Congshu, Shijie 
245 0 |a Những nền văn minh thế giới 
245 0 |c Shijie Congshu ; Trần Kiết Hùng (dịch) ...[et al.] 
260 |a Hà Nội 
260 |b Văn Học 
260 |c 2002 
650 |a World civilization,World history 
904 |i Qhieu sửa 
980 |a Trung tâm Học liệu Trường Đại học Cần Thơ